Spanish Infinitives - C - Statistics

General Stats
  • This quiz has been taken 5 times
  • The average score is 13 of 15
Answer Stats
Hint Answer % Correct
Comprar to buy
100%
Cambiar to change
100%
Cerrar to close
100%
Cocinar to cook
100%
Comer to eat
100%
Conocer to know/meet
100%
Cantar to sing
100%
Comenzar to start/begin
100%
Creer to think
100%
Caminar to walk
100%
Contar to count
80%
Correr to run
80%
Caer to fall
60%
Cepillar to brush
40%
Conseguir to get/obtain
40%
No matching quizzes found
Score Distribution
Percent of People with Each Score
Percentile by Number Answered
Your Score History
You have not taken this quiz